000 01275nam a2200217 a 4500
001 BRCA_7280
005 20190320205758.0
008 280212s2011----mx-a######---#000-0#spa-#
041 _aspaeng
044 _amx
050 4 _aBS2453
_b.T67 2011
100 1 _aTorales Pacheco, María Cristina
_99487
245 1 0 _aVida del apóstol Santiago
_bexpresión de identidades : introducción al facsímil Vida del apóstol Santiago el Mayor escrita por Ldo. D. Joseph de Lezamis editado en la Ciudad de México = Life of the Apostle James : expression of identities : introduction to the facsimile Life of Santiago Apostle written by Ldo. D. Joseph de Lezamis edited in Mexico City
_cMaría Cristina Torales Pacheco.
260 _aMéxico
_bFundación E. Arocena
_c2011
300 _a95 p.
_bil. a color
_c22 cm.
_eFacsímil Vida del apóstol Santiago el Mayor escrita por Ldo. D. Joseph de Lezamis. México, 1699
500 _aIncluye piezas de la colección Franz Mayer: p. [4-5], 34-35 y 62-63
546 _aTexto en: español e inglés
600 1 4 _aSantiago
_cApóstol
_918018
740 0 _aLife of the Apostle James : expression of identities : introduction to the facsimile Life of Santiago Apostle written by Ldo. D. Joseph de Lezamis edited in Mexico City.
942 _2lcc
_cB
999 _c6958
_d6958